| 000 | 00658nam a2200229Ia 4500 | ||
|---|---|---|---|
| 005 | 20241129104232.0 | ||
| 008 | 241129s9999||||xx |||||||||||||| ||und|| | ||
| 020 | _a9781473904521 | ||
| 037 | _aReference | ||
| 040 |
_aRTL _beng _cRTL |
||
| 041 |
_aeng _2eng |
||
| 084 |
_aU287 Q5.1-.6 _qRTL |
||
| 100 |
_aHulme Mike _9248197 |
||
| 245 | 0 |
_aClimates and cultures. 6 Vols _cHulme Mike |
|
| 260 |
_aLos Angeles _bSage _c2015 |
||
| 300 | _axii,287p. | ||
| 365 |
_aINR _b17515.3167 |
||
| 490 |
_aSage Library of the Environment _v01502938- V6-xi,287p. |
||
| 650 | _aClimate | ||
| 942 |
_cRef _hU287 Q5.1-.6 |
||
| 999 |
_c1225002 _d1225002 |
||